|
|
|
|
| LEADER |
00000nab a2200000uu 4500 |
| 001 |
vtls011455743 |
| 003 |
SK-MaSNL |
| 005 |
20260303151501.0 |
| 008 |
230222|1977 xo |||||||||||||||||eng| |
| 015 |
|
|
|a SNBRB
|
| 035 |
|
|
|a (urnnbn)urn:nbn:sk:snk:ar-a07tea
|
| 035 |
|
|
|a (uuid)cf781cf1-8b6b-4df2-b4e7-03fd96e0062b
|
| 035 |
|
|
|a urn:nbn:sk:snk-abcqpy
|
| 040 |
|
|
|a SNKBUCL
|b slo
|c SNKBUCL
|e AACR2
|
| 041 |
0 |
|
|a eng
|
| 044 |
|
|
|a xo
|c SK
|
| 100 |
1 |
|
|a Styk, B.
|4 aut
|9 1141376
|
| 245 |
1 |
0 |
|a EVALUATION OF THE EFFECTIVENESS OF RECEPTOR DESTROYING ENZYME PREPARATIONS
|c B. Styk, G. Russ, E. Varečková
|
| 700 |
1 |
|
|a Russ, G.
|4 aut
|9 1159891
|
| 700 |
1 |
|
|a Varečková, Eva,
|d 1949-
|4 aut
|9 210643
|
| 773 |
0 |
|
|t Acta virologica
|g Roč. 21, č. 6 (1977), s. 474-484
|
| 958 |
|
|
|a OND
|
| 958 |
|
|
|a EUIPO
|
| 958 |
|
|
|a article16
|
| 999 |
|
|
|c 2017887
|d 2019817
|